Diccionario bilingüe de términos de recursos humanos y administración (Registro nro. 9345)
[ vista simple ]
| 000 -Cabecera | |
|---|---|
| Campo de control de longitud fija | 00565nam a22002177a 4500 |
| 005 - Fecha y hora de la última transacción | |
| Campo de control | 20250219190151.0 |
| 008 - Elementos de longitud fija--Información general | |
| Campo de control de longitud fija | 170502b2008 xxu||||| |||| 00| 0 spa d |
| 020 ## - International Standard Book Number | |
| Número Internacional Estándar del Libro (ISBN) | 9789681871734 |
| 041 ## - Idioma | |
| Código de idioma | Español |
| -- | Inglés |
| 082 ## - Clasificación Decimal Dewey | |
| Número de clasificación | R 658.303 A973d |
| 100 ## - Entrada principal--Autor personal | |
| Nombre personal | Ayala Espinosa, Fernando |
| 245 ## - Título propiamente dicho | |
| Título | Diccionario bilingüe de términos de recursos humanos y administración |
| 260 ## - Pie de imprenta | |
| Lugar de publicación, distribución, etc. | México |
| 260 ## - Pie de imprenta | |
| Nombre del editor, distribuidor, etc. | Limusa |
| 260 ## - Pie de imprenta | |
| Fecha de publicación, distribución, etc. | 2008 |
| 650 ## - Materia general | |
| Temática (materia general) | ADMINISTRACIÓN |
| 650 ## - Materia general | |
| Temática (materia general) | DICCIONARIOS |
| 650 ## - Materia general | |
| Temática (materia general) | RECURSOS HUMANOS |
| 650 ## - Materia general | |
| Temática (materia general) | INGLÉS |
| 942 ## - Punto de acceso adicional KOHA | |
| Tipo de ítem KOHA | Referencia |
| Fuente del sistema de clasificación o colocación | Dewey Decimal Classification |
| Signatura completa | Código de barras | Tipo de ítem |
|---|---|---|
| R 658.303 A973d | 22184 | Referencia |
| R 658.303 A973d | 15210 | Referencia |